[Event "GER-chT U20"]
[Site "Magdeburg"]
[Date "2023.12.28"]
[Round "3.7"]
[White "Geltz, Noah"]
[Black "Pikalow, Michael"]
[Result "1/2-1/2"]
[WhiteElo "2166"]
[BlackElo "2083"]
[PlyCount "45"]
[EventDate "2023.12.26"]
[EventType "team-swiss"]
[EventRounds "7"]
[EventCountry "GER"]
[SourceTitle "CB03_2024"]
[SourceDate "2024.01.17"]
[SourceVersion "1"]
[SourceVersionDate "2024.01.17"]
[SourceQuality "1"]
[WhiteTeam "Biberach"]
[BlackTeam "Magdeburg USC"]
[WhiteTeamCountry "GER"]
[BlackTeamCountry "GER"]

1. d4 c5 2. d5 Nf6 3. Nc3 d6 4. e4 g6 5. Bc4 Bg7 6. Nf3 0-0 7. 0-0 Bd7 8. h3 b5 9. Nxb5 Nxe4 10. Re1 a6 11. Na3 Nf6 12. c3 Re8 13. Nc2 Ba4 14. Bb3 Bxb3 15. axb3 Nbd7 16. Bg5 Qb6 17. Bxf6 Nxf6 18. Ne3 Qb7 19. Nd2 Rab8 20. Ndc4 Qxb3 21. Rxa6 Qxd1 22. Rxd1 Ra8 23. Rda1 1/2-1/2

[Event "GER-chT U20"]
[Site "Magdeburg"]
[Date "2023.12.27"]
[Round "1.5"]
[White "Geltz, Noah"]
[Black "Bethke, Richard"]
[Result "1-0"]
[WhiteElo "2166"]
[BlackElo "2354"]
[PlyCount "113"]
[EventDate "2023.12.26"]
[EventType "team-swiss"]
[EventRounds "7"]
[EventCountry "GER"]
[SourceTitle "CB03_2024"]
[SourceDate "2024.01.17"]
[SourceVersion "1"]
[SourceVersionDate "2024.01.17"]
[SourceQuality "1"]
[WhiteTeam "Biberach"]
[BlackTeam "Neuberg"]
[WhiteTeamCountry "GER"]
[BlackTeamCountry "GER"]

1. d4 f5 2. Bf4 Nf6 3. e3 b6 4. Nf3 Bb7 5. Be2 e6 6. 0-0 Be7 7. h3 0-0 8. c4 c5 9. Nc3 d6 10. Ng5 Qd7 11. d5 e5 12. Ne6 exf4 13. Nxf8 Bxf8 14. exf4 Na6 15. Re1 Nc7 16. a4 a6 17. Bd3 Rb8 18. Qf3 g6 19. Re2 Qf7 20. g4 fxg4 21. hxg4 Nd7 22. Qg3 b5 23. axb5 axb5 24. b3 Bg7 25. Rc1 Rf8 26. Ne4 Qxf4 27. Qxf4 Rxf4 28. Nxd6 Rxg4+ 29. Kf1 Rd4 30. Re7 Bxd5 31. cxd5 Rxd3 32. Rxd7 Nxd5 33. Rxc5 Nf4 34. Rc8+ Bf8 35. Ne4 Rxd7 36. Nf6+ Kf7 37. Nxd7 Bd6 38. Rc6 Ke6 39. Nf6 Ke5 40. Nxh7 Be7 41. Rc7 Ke6 42. Ke1 Nd3+ 43. Ke2 Nc5 44. Rc6+ Kd7 45. Rxg6 Nxb3 46. Nf6+ Bxf6 47. Rxf6 Nc5 48. Ke3 Ne6 49. Ke4 Ke7 50. Ke5 Nc5 51. Rf3 Na4 52. Kd5 Kd7 53. Rf7+ Kd8 54. Kc6 Nc3 55. Rf3 b4 56. Kc5 Na2 57. Kc4 1-0

[Event "GER-chT Lands U20"]
[Site "Wiesbaden"]
[Date "2022.10.02"]
[Round "4.5"]
[White "Chassard, Cedric"]
[Black "Geltz, Noah"]
[Result "0-1"]
[WhiteElo "2042"]
[BlackElo "2142"]
[PlyCount "72"]
[EventDate "2022.09.30"]
[EventType "team-swiss"]
[EventRounds "7"]
[EventCountry "GER"]
[SourceTitle "CBM 210 Extra"]
[Source "ChessBase"]
[SourceDate "2022.11.30"]
[SourceVersion "1"]
[SourceVersionDate "2022.11.30"]
[SourceQuality "1"]
[WhiteTeam "Saarland U20"]
[BlackTeam "Wuerttemberg U20"]
[WhiteTeamCountry "GER"]
[BlackTeamCountry "GER"]

1. e4 c5 2. Nf3 d6 3. Bb5+ Bd7 4. Bxd7+ Nxd7 5. 0-0 Ngf6 6. Qe2 e6 7. c3 Be7 8. d4 0-0 9. Nbd2 cxd4 10. cxd4 Rc8 11. Rd1 Qa5 12. Nb3 Qb4 13. Bg5 h6 14. Bh4 d5 15. e5 Ne4 16. Bxe7 Qxe7 17. Rac1 Nb6 18. Ne1 Nc4 19. f3 Ng5 20. Rc2 f6 21. Nd2 Nxd2 22. Rdxd2 fxe5 23. Qxe5 Nf7 24. Qe3 Nd6 25. b3 Nf5 26. Qe5 Qd6 27. Qxd6 Nxd6 28. Kf2 Ne4+ 29. Ke3 Nxd2 30. Kxd2 Rxc2+ 31. Kxc2 b6 32. Nd3 g5 33. Ne5 Kg7 34. Kd2 Rc8 35. Nd3 Kf6 36. Ne5 h5 0-1

[Event "GER-chT Lands U20"]
[Site "Wiesbaden"]
[Date "2022.10.01"]
[Round "2.6"]
[White "Mueller, Magnus"]
[Black "Geltz, Noah"]
[Result "0-1"]
[WhiteElo "2004"]
[BlackElo "2142"]
[PlyCount "130"]
[EventDate "2022.09.30"]
[EventType "team-swiss"]
[EventRounds "7"]
[EventCountry "GER"]
[SourceTitle "CBM 210 Extra"]
[Source "ChessBase"]
[SourceDate "2022.11.30"]
[SourceVersion "1"]
[SourceVersionDate "2022.11.30"]
[SourceQuality "1"]
[WhiteTeam "Thueringen U20"]
[BlackTeam "Wuerttemberg U20"]
[WhiteTeamCountry "GER"]
[BlackTeamCountry "GER"]

1. d4 d5 2. c4 e6 3. Nf3 a6 4. Bg5 Be7 5. Bxe7 Qxe7 6. Nbd2 Nf6 7. g3 b6 8. Bg2 Bb7 9. Rc1 0-0 10. 0-0 c5 11. Qb3 Qc7 12. Qa3 Nbd7 13. b4 dxc4 14. bxc5 b5 15. Qb2 Rfe8 16. Rfe1 Rab8 17. e3 e5 18. Qb1 Qa5 19. Qc2 Rbd8 20. Rb1 e4 21. Ng5 Nxc5 22. Nxc4 bxc4 23. dxc5 Bd5 24. Red1 Qxc5 25. Rd4 h6 26. Nh3 g5 27. Qc3 Kg7 28. Rbd1 Rd6 29. Bf1 Rc8 30. Bxc4 Rdc6 31. Rxd5 Qxc4 32. Qa1 Qxd5 33. Rxd5 Rc1+ 34. Rd1 Rxa1 35. Rxa1 Rc2 36. a4 Ng4 37. Rd1 Ne5 38. Kg2 Nd3 39. Ra1 g4 40. Nf4 Nxf2 41. Kg1 Nh3+ 42. Nxh3 gxh3 43. Rd1 Rg2+ 44. Kh1 Ra2 45. Kg1 Rxa4 46. Rd6 Ra1+ 47. Kf2 f5 48. g4 fxg4 49. Kg3 Rg1+ 50. Kh4 h5 51. Rxa6 Rg2 52. Ra7+ Kf6 53. Ra6+ Ke5 54. Ra5+ Ke6 55. Rxh5 Kd6 56. Rg5 Rxh2 57. Rxg4 Kd5 58. Rg1 Kc4 59. Kg3 Rg2+ 60. Rxg2 hxg2 61. Kxg2 Kd3 62. Kf2 Kd2 63. Kf1 Kxe3 64. Ke1 Kf3 65. Kf1 e3 0-1

[Event "GER-ch U18"]
[Site "Willingen"]
[Date "2022.06.08"]
[Round "5"]
[White "Geltz, Noah"]
[Black "Haack, Kevin"]
[Result "1-0"]
[WhiteElo "2156"]
[BlackElo "2176"]
[PlyCount "105"]
[EventDate "2022.06.04"]
[EventType "swiss"]
[EventRounds "9"]
[EventCountry "GER"]
[SourceTitle "CBM 208 Extra"]
[Source "ChessBase"]
[SourceDate "2022.07.31"]
[SourceVersion "1"]
[SourceVersionDate "2022.07.31"]
[SourceQuality "1"]

1. e4 c6 2. Nf3 d5 3. Nc3 Bg4 4. h3 Bxf3 5. Qxf3 e6 6. Be2 Bc5 7. 0-0 Nd7 8. exd5 cxd5 9. Na4 Bd6 10. d4 Ngf6 11. Nc3 a6 12. Bd3 0-0 13. Bf4 Qc7 14. Bg5 h6 15. Bd2 b5 16. a3 Nb6 17. Bxh6 Nc4 18. Bg5 Nh7 19. Bc1 f5 20. a4 Rab8 21. Re1 Qd7 22. g4 g6 23. gxf5 gxf5 24. Kh1 Bc7 25. axb5 Qd6 26. Qg2+ Kf7 27. Bxc4 dxc4 28. Rxa6 Rb6 29. Rxb6 Bxb6 30. Rg1 Nf6 31. d5 Rg8 32. dxe6+ Qxe6 33. Qb7+ Ke8 34. Qa8+ Kd7 35. Qb7+ Ke8 36. Rxg8+ Nxg8 37. Qa8+ Kd7 38. Qd5+ Qxd5+ 39. Nxd5 Bxf2 40. Bg5 Ke6 41. Kg2 Bd4 42. c3 Bg7 43. Ne3 Nf6 44. Bxf6 Bxf6 45. Kf3 Kd6 46. Nxc4+ Kc5 47. Na3 Bg5 48. b4+ Kb6 49. c4 Bd2 50. c5+ Kb7 51. Nc4 Bxb4 52. c6+ Kc7 53. Kf4 1-0

[Event "GER-ch U18"]
[Site "Willingen"]
[Date "2022.06.08"]
[Round "6"]
[White "Kallweit, Paul"]
[Black "Geltz, Noah"]
[Result "1/2-1/2"]
[WhiteElo "1863"]
[BlackElo "2156"]
[PlyCount "47"]
[EventDate "2022.06.04"]
[EventType "swiss"]
[EventRounds "9"]
[EventCountry "GER"]
[SourceTitle "CBM 208 Extra"]
[Source "ChessBase"]
[SourceDate "2022.07.31"]
[SourceVersion "1"]
[SourceVersionDate "2022.07.31"]
[SourceQuality "1"]

1. c4 c5 2. g3 g6 3. Bg2 Bg7 4. Nc3 Nc6 5. d3 e6 6. e4 Nge7 7. Nge2 0-0 8. 0-0 d6 9. Be3 e5 10. Qd2 Nd4 11. f4 Nec6 12. Rf2 Nxe2+ 13. Nxe2 exf4 14. Nxf4 Be6 15. Raf1 Qd7 16. Nxe6 fxe6 17. Bh3 Rxf2 18. Rxf2 Bd4 19. Bxd4 Nxd4 20. Qf4 Nc6 21. Bg4 Qe7 22. h4 Ne5 23. Be2 Rf8 24. Qxf8+ 1/2-1/2

[Event "Deizisau Autumn op 15th"]
[Site "Deizisau"]
[Date "2021.10.31"]
[Round "5"]
[White "Geltz, Noah"]
[Black "Koellner, Ruben Gideon"]
[Result "0-1"]
[WhiteElo "2088"]
[BlackElo "2432"]
[PlyCount "152"]
[EventDate "2021.10.29"]
[EventType "swiss"]
[EventRounds "7"]
[EventCountry "GER"]
[SourceTitle "CBM 204 Extra"]
[Source "ChessBase"]
[SourceDate "2021.11.30"]
[SourceVersion "1"]
[SourceVersionDate "2021.11.30"]
[SourceQuality "1"]

1. e4 d6 2. d4 Nf6 3. Nc3 e5 4. Nf3 Nbd7 5. Bc4 Be7 6. 0-0 c6 7. a4 Qc7 8. a5 h6 9. Qe2 Nf8 10. d5 Ng6 11. a6 b5 12. Bb3 b4 13. Ba4 Bd7 14. dxc6 bxc3 15. cxd7+ Nxd7 16. bxc3 0-0 17. Be3 Nf6 18. Qd3 d5 19. Nd2 Rfd8 20. exd5 Nxd5 21. Bb3 Nxe3 22. Qxe3 Bg5 23. Qe4 Bxd2 24. Qxg6 Rab8 25. Qe4 Bxc3 26. Rad1 Rd4 27. Rxd4 Bxd4 28. Qd5 Rb6 29. Bc4 Rd6 30. Qb5 g6 31. Kh1 Kg7 32. f3 h5 33. Bd3 Qe7 34. Qb7 Qg5 35. Qe4 Rf6 36. Qe1 Rf4 37. Be4 Bb6 38. Qc1 Qe7 39. Qd2 Rf6 40. Qe2 Qc5 41. Bd3 Qe7 42. Re1 Bd4 43. Qe4 Qd8 44. Rd1 Qa5 45. Qe2 Qc3 46. Qe4 Rf4 47. Qe2 Qc5 48. Rb1 Qe7 49. Rb7 Qg5 50. Qe1 Rf6 51. Rb1 h4 52. Qe2 Qh5 53. Rf1 Rf4 54. Be4 Qg5 55. Bd3 Qe7 56. Rb1 Qd6 57. Rf1 Bc3 58. Rd1 Qc6 59. Be4 Qc5 60. Bd3 Ra4 61. Rf1 Ba5 62. Rb1 Bb6 63. Rf1 Qd6 64. Re1 Qd4 65. Rf1 Qf4 66. Re1 Rb4 67. Be4 Rd4 68. Bd3 Bc7 69. Qe3 Qf6 70. c3 Rd8 71. Qc5 Bb6 72. Qb5 Qf4 73. Be4 Rd2 74. Rf1 Bf2 75. Qb7 h3 76. g3 Bxg3 0-1

[Event "Deizisau Autumn op 15th"]
[Site "Deizisau"]
[Date "2021.10.31"]
[Round "4"]
[White "Koelle, Tobias"]
[Black "Geltz, Noah"]
[Result "1-0"]
[WhiteElo "2393"]
[BlackElo "2088"]
[PlyCount "59"]
[EventDate "2021.10.29"]
[EventType "swiss"]
[EventRounds "7"]
[EventCountry "GER"]
[SourceTitle "EXT 2023"]
[Source "ChessBase"]
[SourceDate "2022.10.05"]
[SourceVersion "1"]
[SourceVersionDate "2022.10.05"]
[SourceQuality "1"]

1. d4 Nf6 2. c4 c5 3. d5 b5 4. cxb5 a6 5. bxa6 g6 6. Nc3 Bg7 7. e4 0-0 8. e5 Ne8 9. h4 Bxe5 10. Bh6 Ng7 11. Nf3 Bf6 12. h5 Qb6 13. Qd2 Bxa6 14. Ng5 Bxf1 15. Kxf1 Na6 16. Rh3 Rab8 17. Rb1 Nc7 18. Kg1 Qb4 19. Nge4 Bd4 20. Bg5 f6 21. Bf4 d6 22. hxg6 hxg6 23. Bh6 Rf7 24. Bxg7 Rxg7 25. Qh6 Rf8 26. Rg3 g5 27. Rh3 Qb7 28. Ng3 Qc8 29. Nh5 Rh7 30. Nxf6+ 1-0

[Event "GER-chT Lands U20"]
[Site "Neumuenster"]
[Date "2021.10.06"]
[Round "7.4"]
[White "Lesny, Florian"]
[Black "Geltz, Noah"]
[Result "1-0"]
[WhiteElo "2171"]
[BlackElo "2088"]
[PlyCount "55"]
[EventDate "2021.10.01"]
[EventType "team-swiss"]
[EventRounds "7"]
[EventCountry "GER"]
[SourceTitle "CBM 204 Extra"]
[Source "ChessBase"]
[SourceDate "2021.11.30"]
[SourceVersion "1"]
[SourceVersionDate "2021.11.30"]
[SourceQuality "1"]
[WhiteTeam "Hessen"]
[BlackTeam "Wuerttemberg"]
[WhiteTeamCountry "GER"]
[BlackTeamCountry "GER"]

1. e4 c5 2. Nf3 d6 3. d4 cxd4 4. Nxd4 Nf6 5. Nc3 g6 6. Be3 Bg7 7. f3 0-0 8. Qd2 Nc6 9. Bc4 Bd7 10. h4 Nxd4 11. Bxd4 Rc8 12. Bb3 b5 13. h5 b4 14. Nd5 Nxd5 15. Bxg7 Kxg7 16. Bxd5 e6 17. hxg6 hxg6 18. Bb3 Bb5 19. 0-0-0 a5 20. Qh6+ Kf6 21. Qf4+ Kg7 22. Rxd6 Qe7 23. Qh6+ Kf6 24. Qh4+ g5 25. Qh6+ Ke5 26. Qh2+ Kf6 27. e5+ Kg6 28. Qh7# 1-0

[Event "GER-chT Lands U20"]
[Site "Neumuenster"]
[Date "2021.10.02"]
[Round "1.6"]
[White "Geltz, Noah"]
[Black "Dauner, Benedikt"]
[Result "0-1"]
[WhiteElo "2088"]
[BlackElo "2133"]
[PlyCount "78"]
[EventDate "2021.10.01"]
[EventType "team-swiss"]
[EventRounds "7"]
[EventCountry "GER"]
[SourceTitle "CBM 204 Extra"]
[Source "ChessBase"]
[SourceDate "2021.11.30"]
[SourceVersion "1"]
[SourceVersionDate "2021.11.30"]
[SourceQuality "1"]
[WhiteTeam "Wuerttemberg"]
[BlackTeam "Baden"]
[WhiteTeamCountry "GER"]
[BlackTeamCountry "GER"]

1. e4 c6 2. d4 d5 3. e5 Bf5 4. h4 h5 5. Bd3 Bxd3 6. Qxd3 e6 7. Nf3 Ne7 8. Bg5 Qb6 9. c4 Qxb2 10. 0-0 dxc4 11. Qxc4 b5 12. Qc3 Qxc3 13. Nxc3 Nd7 14. Ne4 Nd5 15. Rfc1 Rc8 16. a4 b4 17. a5 f6 18. Bd2 Kf7 19. Rab1 Be7 20. Rc4 Rhd8 21. Nd6+ Bxd6 22. exd6 c5 23. Rbc1 b3 24. Rb1 cxd4 25. Rxc8 Rxc8 26. Nxd4 Nc5 27. d7 Nxd7 28. Rxb3 Nc5 29. Rb1 Ne4 30. Be1 Nd6 31. Kh2 Rc4 32. Nf3 Kg6 33. Bd2 Rc2 34. Rb8 Ne4 35. Be1 Nxf2 36. Rb7 Ng4+ 37. Kg3 Nde3 38. Rxa7 Rc1 39. Bd2 Nf1+ 0-1

[Event "GER-ch U18"]
[Site "Willingen"]
[Date "2021.08.28"]
[Round "8"]
[White "Fromm, Marius"]
[Black "Geltz, Noah"]
[Result "1-0"]
[WhiteElo "2326"]
[BlackElo "2048"]
[PlyCount "141"]
[EventDate "2021.08.22"]
[EventType "swiss"]
[EventRounds "9"]
[EventCountry "GER"]
[SourceTitle "EXT 2022"]
[Source "ChessBase"]
[SourceDate "2021.10.06"]
[SourceVersion "1"]
[SourceVersionDate "2021.10.06"]
[SourceQuality "1"]

1. e4 c5 2. Nf3 Nc6 3. Bb5 g6 4. Bxc6 dxc6 5. d3 Bg7 6. h3 Nf6 7. Nc3 Nd7 8. Be3 e5 9. Qd2 h6 10. 0-0 b6 11. Nh2 Nf8 12. f4 exf4 13. Bxf4 Ne6 14. Bg3 Qg5 15. Qe1 Nd4 16. Qf2 0-0 17. Bf4 Qe7 18. Rae1 Be6 19. e5 Rad8 20. Ne4 Rd5 21. g4 Bd7 22. c4 Rxe5 23. Bxe5 Qxe5 24. Nf6+ Qxf6 25. Qxf6 Bxf6 26. Rxf6 Be6 27. Rf2 Kg7 28. Nf3 Nxf3+ 29. Rxf3 Rd8 30. Kf2 Rh8 31. Kg3 h5 32. g5 Rd8 33. b3 Rd6 34. Rd1 Bf5 35. Rf4 Re6 36. Rd2 Re1 37. h4 Kf8 38. d4 cxd4 39. Rfxd4 Rh1 40. Rd8+ Ke7 41. Ra8 Rh3+ 42. Kf2 Rh2+ 43. Ke1 Rh1+ 44. Ke2 Rh2+ 45. Ke3 Rh3+ 46. Kd4 Ke6 47. c5 Rxh4+ 48. Kc3 Ke5 49. Rxa7 Rh3+ 50. Kb2 bxc5 51. Rxf7 Rh1 52. a4 h4 53. a5 h3 54. Rh7 c4 55. bxc4 Rb1+ 56. Ka3 Kf4 57. a6 Rb6 58. a7 Ra6+ 59. Kb3 Be6 60. Rd8 Kxg5 61. a8Q Rxa8 62. Rxa8 Bg4 63. Kb4 Bh5 64. Kc5 Kf4 65. Ra1 Kg3 66. Kxc6 Bf3+ 67. Kd6 g5 68. Rg1+ Bg2 69. Rxh3+ Kxh3 70. Rxg2 Kxg2 71. c5 1-0

[Event "GER-ch U18"]
[Site "Willingen"]
[Date "2021.08.27"]
[Round "7"]
[White "Geltz, Noah"]
[Black "Popist, Florian"]
[Result "1-0"]
[WhiteElo "2048"]
[BlackElo "2077"]
[PlyCount "67"]
[EventDate "2021.08.22"]
[EventType "swiss"]
[EventRounds "9"]
[EventCountry "GER"]
[SourceTitle "EXT 2022"]
[Source "ChessBase"]
[SourceDate "2021.10.06"]
[SourceVersion "1"]
[SourceVersionDate "2021.10.06"]
[SourceQuality "1"]

1. e4 c5 2. Nf3 Nc6 3. d3 g6 4. g3 Bg7 5. Bg2 e5 6. 0-0 Nge7 7. c3 0-0 8. a3 d5 9. b4 b6 10. Nbd2 Ba6 11. c4 dxc4 12. dxc4 Nd4 13. Bb2 Qd7 14. Bxd4 cxd4 15. Ne1 Rac8 16. b5 Bb7 17. Nd3 f5 18. Re1 g5 19. Rc1 f4 20. Qh5 g4 21. a4 a6 22. Bf1 axb5 23. axb5 Ba8 24. Be2 f3 25. Bf1 Qd6 26. Qxg4 Rf6 27. c5 bxc5 28. Nc4 Qe6 29. Qxe6+ Rxe6 30. Bh3 Kf7 31. Bxe6+ Kxe6 32. Nb6 Bh6 33. Nxc8 Bxc1 34. Nxc5+ 1-0

[Event "GER-ch U18"]
[Site "Willingen"]
[Date "2021.08.26"]
[Round "6"]
[White "Khachatryan, Taron"]
[Black "Geltz, Noah"]
[Result "0-1"]
[WhiteElo "2065"]
[BlackElo "2048"]
[PlyCount "98"]
[EventDate "2021.08.22"]
[EventType "swiss"]
[EventRounds "9"]
[EventCountry "GER"]
[SourceTitle "EXT 2022"]
[Source "ChessBase"]
[SourceDate "2021.10.06"]
[SourceVersion "1"]
[SourceVersionDate "2021.10.06"]
[SourceQuality "1"]

1. Nf3 Nf6 2. c4 g6 3. Nc3 Bg7 4. e4 d6 5. d4 0-0 6. Be2 e5 7. dxe5 dxe5 8. Qxd8 Rxd8 9. Bg5 Nbd7 10. 0-0-0 Rf8 11. Nd2 Nc5 12. Be3 Ne6 13. g3 c5 14. f3 Nd4 15. g4 Be6 16. Rde1 Nd7 17. h4 h6 18. Reg1 Kh7 19. Bd3 a6 20. Nd5 b5 21. Rf1 Rab8 22. b3 Nb6 23. Nxb6 Rxb6 24. Bxd4 cxd4 25. Kd1 Rc8 26. Ke2 b4 27. Rc1 Rc5 28. Ra1 Ra5 29. h5 Bf6 30. c5 Rxc5 31. Nc4 Rbc6 32. Rac1 Kg7 33. Rc2 Bg5 34. Rh3 a5 35. Kd1 a4 36. hxg6 fxg6 37. Rhh2 Bf4 38. Rhg2 Rc7 39. Rg1 Bxc4 40. bxc4 b3 41. axb3 axb3 42. Rb2 Rxc4 43. Bxc4 Rxc4 44. Rb1 b2 45. Ke2 Rc2+ 46. Kd3 Rc3+ 47. Ke2 d3+ 48. Kf2 Rc2+ 49. Ke1 Be3 0-1

[Event "GER-ch U18"]
[Site "Willingen"]
[Date "2021.08.26"]
[Round "5"]
[White "Unbehend, Marius"]
[Black "Geltz, Noah"]
[Result "0-1"]
[WhiteElo "1572"]
[BlackElo "2048"]
[PlyCount "112"]
[EventDate "2021.08.22"]
[EventType "swiss"]
[EventRounds "9"]
[EventCountry "GER"]
[SourceTitle "EXT 2022"]
[Source "ChessBase"]
[SourceDate "2021.10.06"]
[SourceVersion "1"]
[SourceVersionDate "2021.10.06"]
[SourceQuality "1"]

1. e4 c5 2. d4 cxd4 3. c3 Nf6 4. e5 Nd5 5. Nf3 Nc6 6. Bc4 Nb6 7. Bb3 d6 8. exd6 Qxd6 9. 0-0 Bf5 10. cxd4 Bxb1 11. Rxb1 e6 12. Qe2 Be7 13. Rd1 0-0 14. Be3 Rfd8 15. Ne5 Nd5 16. Nxc6 Qxc6 17. Rbc1 Qd7 18. Qf3 b5 19. Bxd5 Qxd5 20. Qxd5 Rxd5 21. Kf1 Bf6 22. Ke2 Rad8 23. Rc5 a6 24. b3 R5d6 25. f4 g6 26. a4 bxa4 27. bxa4 Bxd4 28. Rxd4 Rxd4 29. Bxd4 Rxd4 30. Ra5 Rd6 31. Rc5 h5 32. Ke3 Kg7 33. h4 Kf6 34. Ke4 Rd2 35. g3 Ra2 36. Ra5 Ra3 37. Rxa6 Rxg3 38. a5 Rh3 39. Rb6 Rxh4 40. Rb3 Rh1 41. Ra3 Rc1 42. a6 Rc8 43. a7 Ra8 44. Ra5 Ke7 45. Ke5 h4 46. Ke4 h3 47. Kf3 h2 48. Kg2 Kd6 49. Kxh2 Kc6 50. Ra1 Kb7 51. Kg3 Rxa7 52. Rxa7+ Kxa7 53. Kg4 f6 54. Kf3 Kb6 55. Ke4 Kc5 56. Kf3 Kd4 0-1

[Event "GER-chT U16"]
[Site "Willingen"]
[Date "2021.06.26"]
[Round "6.9"]
[White "Weishaeutel, Moritz"]
[Black "Geltz, Noah"]
[Result "1-0"]
[WhiteElo "2207"]
[BlackElo "2087"]
[PlyCount "123"]
[EventDate "2021.06.23"]
[EventType "team-swiss"]
[EventRounds "7"]
[EventCountry "GER"]
[SourceTitle "CBM 203 Extra"]
[Source "ChessBase"]
[SourceDate "2021.09.30"]
[SourceVersion "1"]
[SourceVersionDate "2021.09.30"]
[SourceQuality "1"]
[WhiteTeam "Erfurt SK"]
[BlackTeam "Biberach"]
[WhiteTeamCountry "GER"]
[BlackTeamCountry "GER"]

1. d4 Nf6 2. Bg5 d5 3. Bxf6 exf6 4. e3 Bd6 5. g3 0-0 6. Bg2 c6 7. Ne2 f5 8. 0-0 Nd7 9. b3 Nf6 10. c4 Be6 11. Qd3 dxc4 12. bxc4 Qa5 13. Nbc3 Rfd8 14. Rfd1 Qa6 15. d5 Be5 16. Rab1 Rac8 17. Nd4 cxd5 18. cxd5 Qxd3 19. Rxd3 Nxd5 20. Nxe6 Nxc3 21. Nxd8 Nxb1 22. Bxb7 Rc1+ 23. Kg2 Rc7 24. Bd5 a6 25. Rb3 Rd7 26. Bxf7+ Kf8 27. Rxb1 Rxd8 28. Rb7 Rb8 29. Ra7 a5 30. Be6 Bc3 31. Rc7 Be1 32. Bb3 a4 33. Rf7+ Ke8 34. Rxg7 Rb4 35. Bc2 Rb2 36. Bxa4+ Kf8 37. Rxh7 Bxf2 38. Bb3 Bxe3+ 39. Kf3 Bg1 40. Rf7+ Ke8 41. Rxf5 Bxh2 42. g4 Bg1 43. g5 Bd4 44. g6 Rb1 45. Rd5 Bb2 46. Rd1 Rxd1 47. Bxd1 Kf8 48. a4 Bd4 49. Ke4 Bg1 50. Kd5 Kg7 51. Bc2 Bf2 52. a5 Bg1 53. a6 Bf2 54. Kc6 Bg1 55. Kb7 Bf2 56. a7 Bxa7 57. Kxa7 Kh8 58. Kb7 Kg7 59. Kc7 Kf6 60. Kd6 Kg7 61. Ke7 Kh8 62. Kf6 1-0

[Event "GER-chT U16"]
[Site "Willingen"]
[Date "2021.06.24"]
[Round "2.9"]
[White "Farokhi, Keyvan"]
[Black "Geltz, Noah"]
[Result "0-1"]
[WhiteElo "2059"]
[BlackElo "2087"]
[PlyCount "116"]
[EventDate "2021.06.23"]
[EventType "team-swiss"]
[EventRounds "7"]
[EventCountry "GER"]
[SourceTitle "CBM 203 Extra"]
[Source "ChessBase"]
[SourceDate "2021.09.30"]
[SourceVersion "1"]
[SourceVersionDate "2021.09.30"]
[SourceQuality "1"]
[WhiteTeam "Kiel Doppelbauer"]
[BlackTeam "Biberach"]
[WhiteTeamCountry "GER"]
[BlackTeamCountry "GER"]

1. e4 c5 2. Nf3 Nc6 3. d4 cxd4 4. Nxd4 g6 5. Nc3 Bg7 6. Be3 Nf6 7. Bc4 0-0 8. f3 d6 9. Qd2 Bd7 10. 0-0-0 Na5 11. Bb3 Nxb3+ 12. axb3 Qa5 13. Kb1 Rfc8 14. h4 h5 15. Bh6 Rc5 16. g4 hxg4 17. Bxg7 Kxg7 18. Qe3 gxf3 19. Nxf3 Bg4 20. Rdf1 Rh5 21. b4 Qb6 22. Qf4 Bxf3 23. Rxf3 Qxb4 24. Nd5 Qd4 25. Nxe7 Qe5 26. Rhf1 Qxe7 27. Qxf6+ Qxf6 28. Rxf6 Rf8 29. Rxd6 Rxh4 30. e5 Re4 31. Rd5 g5 32. e6 Rxe6 33. Rxg5+ Rg6 34. Rd5 f6 35. Rd7+ Rf7 36. Rfd1 f5 37. Rxf7+ Kxf7 38. Rd7+ Ke6 39. Rxb7 Rg1+ 40. Ka2 f4 41. Rb8 Rg7 42. Rd8 f3 43. Rd1 f2 44. Rf1 Rf7 45. c4 Ke5 46. Kb3 Kd4 47. Kb4 Rb7+ 48. Ka3 Ke3 49. b4 Ke2 50. Rc1 f1Q 51. Rxf1 Kxf1 52. c5 Ke2 53. c6 Rc7 54. b5 Kd3 55. Kb4 Kd4 56. Ka5 Kc5 57. Ka6 Kd6 58. Ka5 Ke7 0-1

[Event "Pfalz op-A 11th"]
[Site "Neustadt an der Weinstrasse"]
[Date "2020.02.25"]
[Round "9"]
[White "Kraemer, Enrico"]
[Black "Geltz, Noah"]
[Result "1-0"]
[WhiteElo "2228"]
[BlackElo "2111"]
[PlyCount "53"]
[EventDate "2020.02.21"]
[EventType "swiss"]
[EventRounds "9"]
[EventCountry "GER"]
[SourceTitle "CBM 195 Extra"]
[Source "ChessBase"]
[SourceDate "2020.05.31"]
[SourceVersion "1"]
[SourceVersionDate "2020.05.31"]
[SourceQuality "1"]

1. d4 Nf6 2. Nf3 g6 3. g3 Bg7 4. Bg2 0-0 5. 0-0 c5 6. dxc5 Qc7 7. Be3 Na6 8. Nc3 Nxc5 9. Nb5 Qb6 10. a4 a6 11. b4 axb5 12. bxc5 Qc7 13. axb5 Rxa1 14. Qxa1 Ne4 15. Qa7 d5 16. b6 Qc6 17. Nd4 Bxd4 18. Bxd4 Nxc5 19. c4 Na6 20. Bxd5 Qd7 21. Be3 Rd8 22. Bg2 Kg7 23. c5 e5 24. c6 bxc6 25. Qxd7 Rxd7 26. Bxc6 Rd6 27. Rc1 1-0

[Event "GER-chT U20"]
[Site "Braunschweig"]
[Date "2019.12.28"]
[Round "4.5"]
[White "Geltz, Noah"]
[Black "Koll, Lukas"]
[Result "1/2-1/2"]
[WhiteElo "2054"]
[BlackElo "2093"]
[PlyCount "90"]
[EventDate "2019.12.27"]
[EventType "team-swiss"]
[EventRounds "7"]
[EventCountry "GER"]
[SourceTitle "CBM 194 Extra"]
[Source "ChessBase"]
[SourceDate "2020.03.31"]
[SourceVersion "1"]
[SourceVersionDate "2020.03.31"]
[SourceQuality "1"]
[WhiteTeam "Biberach"]
[BlackTeam "Karlsruhe SF"]
[WhiteTeamCountry "GER"]
[BlackTeamCountry "GER"]

1. Nf3 d5 2. c4 e6 3. cxd5 exd5 4. g3 Nf6 5. Bg2 c5 6. d4 Nc6 7. Nc3 Be6 8. 0-0 Be7 9. b3 0-0 10. Bb2 Qd7 11. dxc5 Bxc5 12. Rc1 Be7 13. Qd2 Ne4 14. Qd3 Bf5 15. Nxe4 dxe4 16. Qxd7 Bxd7 17. Nd2 f5 18. Nc4 Rfd8 19. g4 fxg4 20. Bxe4 Be6 21. Rfd1 Rxd1+ 22. Rxd1 Rd8 23. Rxd8+ Bxd8 24. Nd6 Nb4 25. a3 Nd5 26. Nxb7 Bb6 27. b4 Nf4 28. e3 Nh3+ 29. Kg2 h5 30. Nc5 Bc8 31. Bd4 Ng5 32. Bd5+ Kh7 33. Ne4 Bxd4 34. Nxg5+ Kg6 35. exd4 Kxg5 36. b5 Kf6 37. f4 h4 38. a4 Ke7 39. Bc6 Kd6 40. d5 Bf5 41. Kf2 Be4 42. a5 Bxd5 43. Bxd5 Kxd5 44. f5 Kc5 45. b6 axb6 1/2-1/2

[Event "Bad Soden op U18"]
[Site "Bad Soden"]
[Date "2019.10.06"]
[Round "8"]
[White "Sever, Mustafa Batuhan"]
[Black "Geltz, Noah"]
[Result "1-0"]
[WhiteElo "2017"]
[BlackElo "2054"]
[PlyCount "69"]
[EventDate "2019.10.03"]
[EventType "swiss"]
[EventRounds "9"]
[EventCountry "GER"]
[SourceTitle "EXT 2020"]
[Source "ChessBase"]
[SourceDate "2019.10.17"]
[SourceVersion "1"]
[SourceVersionDate "2019.10.17"]
[SourceQuality "1"]

1. e4 d5 2. exd5 Nf6 3. Nf3 Nxd5 4. d4 Bg4 5. Be2 e6 6. 0-0 Be7 7. c4 Nb6 8. Be3 Nc6 9. h3 Bxf3 10. Bxf3 Nxc4 11. Bxc6+ bxc6 12. Qa4 Nb6 13. Qxc6+ Qd7 14. Qc2 0-0 15. Nd2 Nd5 16. Rac1 Rab8 17. Nc4 Bd6 18. Na5 Qb5 19. Nc6 Nb4 20. Nxb4 Qxb4 21. b3 Rb5 22. Rfd1 Rd5 23. Qe2 Rb8 24. Rc4 Qb5 25. Rdc1 Rb6 26. Qg4 Rb8 27. Bf4 h5 28. Qg3 Rd8 29. Qe3 Qb6 30. Bxd6 R8xd6 31. Rxc7 Rxd4 32. Qf3 Rd1+ 33. Kh2 Rd7 34. Rc8+ Rd8 35. Qxd1 1-0